LDR 01066nam#a2200193#i#450# 001 RU\RIOR\book\3640 005 20260430081742.4 100 ## _a20260429d2026####ek#y0rusy0150####ca 102 ## _aRU 200 1# _aПричинная связь в праве _eМонография 210 1# _aМосква _cООО "Издательский Центр РИОР" _d2026 215 ## _a311 с. 608 ## _aМонография _2local 675 ## _aСравнительное правоведение. 340.5 _aТеория. Понятие и основы уголовного права. Право наказывать. Исправление правонарушителя. 343.01 _aОбязательственное право. Договоры. Соглашения. 347.4 _z 686 ## _aОбщая теория права. 670 _2bbk 686 ## _aГражданское и торговое право. Семейное право. 67404 _2bbk 686 ## _aУголовное право. 67408 _2bbk 700 #1 _aКлепицкий _gИван Анатольевич 856 4# _ariorpub.com _u